01187 a2200229 4500001000700000020001800007040003200025090001300057100001900070245002300089260001300112300003400125362000900159520052200168650001100690650001000701650002600711942000700737952009700744952009700841999001900938121806 a9780545279741 cEscola Canadense de Niteroi aL3 - GER aGeras, Adè€le10aLittle ballet star aNew York a32 p.c2 x 0.37 x 11.2 inches0 a2008 aReaders are invited to join Tilly for her special birthday treat as she discovers the bustle and excitement behind the scenes at a real ballet performance. From backstage warm-ups, to a trip to the dressing room, to an unexpected wardrobe change?Tilly is just like a real ballerina. The only thing that could make her day even more thrilling? The chance to shine on stage! This charming story captures the delight and anticipation of attending an actual ballet, and makes a perfect gift for every aspiring ballerina.  4aBallet 4aDance 4aChildren's Literature cBK 00104070a80.1b80.1d2024-02-09l0oL3 - GERpA17429r2024-02-09 21:17:43w2024-02-09yBK 00104070a80.1b80.1d2024-02-09l0oL3 - GERpA19259r2024-02-09 21:17:43w2024-02-09yBK c121806d121806